Statistics for Cameroon World Cup 2022 Squad

Click here to take the quiz!

General Stats

  • This quiz has been taken 3 times
  • The average score is 7 of 26

Answer Stats

PositionClubPlayer% Correct
GKInter MilanAndre Onana
100%
FWAl-NassrVincent Aboubakar
100%
MFNapoliAndre Zambo Anguissa
67%
FWBayern MunichEric Maxim Choupo-Moting
67%
FWOlympique LyonKarl Toko-Ekambi
67%
FWBrentfordBryan Mbeumo
33%
DFUdineseEnzo Ebosse
33%
DFFC NantesJean-Charles Castelletto
33%
FWBSC Young BoysJean-Pierre Nsame
33%
MFHellas VeronaMartin Hongla
33%
MFSwansea CityOlivier Ntcham
33%
MFOlympiacosPierre Kunde
33%
GKOlympique MarseilleSimon Ngapandouetnbu
33%
FWShanghai ShenhuaChristian Bassogog
0%
DFStade RennesChristopher Wooh
0%
DFAl-TaiCollins Fai
0%
GKAbhaDevis Epassy
0%
MFHannover 96Gael Ondoua
0%
MFBesiktasGeorges-Kevin Nkoudou
0%
DFColombe SportiveJerome Ngom Mbekeli
0%
FWDynamo MoscowMoumi Ngamaleu
0%
DFAris ThessalonikiNicolas Nkoulou
0%
DFSeattle SoundersNouhou Tolo
0%
DFPhiladelphia UnionOlivier Mbaizo
0%
MFMechelenSamuel Gouet
0%
MFCoton SportSouaibou Marou
0%

Score Distribution

Percentile by Number Answered

Percent of People with Each Score

Your Score History

You have not taken this quiz